00434nam a22001577a 450000500170000001000150001702000230003203500130005503700130006808200080008124500650008926000380015427000320019230000180022470000340024220100821121436.0 aENG-101251 a8190320807c150.00 aEN-84784 bDBAD/PUB a954 aRati ghati yudh /c edited by Chakravarti narayanb shrimali  aBikaner bGanraj Prakashan c2007 aBrahampuri Chowk bBikaner  a56pc25cm(Hb) aShrimali Chakravarti Narayan